Ley No.6132 ley de expresión y difusión del pensamiento (Registro nro. 5793)

Detalles MARC
000 -LEADER
fixed length control field 00409nam a22001571a 4500
001 - CONTROL NUMBER
control field 5793
003 - CONTROL NUMBER IDENTIFIER
control field OSt
005 - DATE AND TIME OF LATEST TRANSACTION
control field 20260204212029.0
008 - FIXED-LENGTH DATA ELEMENTS--GENERAL INFORMATION
fixed length control field 060210s1995||||DR ||||||b||||||||||spa||
050 ## - LIBRARY OF CONGRESS CALL NUMBER
Classification number RD 323.445 R299l
110 ## - ASIENTO PRINCIPAL -- NOMBRE CORPORATIVO
Corporate name or jurisdiction name as entry element República Dominicana
245 ## - TÍTULO PROPIAMENTE DICHO: SUBTÍTULO
Title Ley No.6132 ley de expresión y difusión del pensamiento
264 ## - PRODUCTION, PUBLICATION, DISTRIBUTION, MANUFACTURE, AND COPYRIGHT NOTICE
Place of production, publication, distribution, manufacture Santo Domingo: Congreso Nacional
300 ## - PHYSICAL DESCRIPTION
Extensión 23 pÌ
942 ## - ADDED ENTRY ELEMENTS (KOHA)
Source of classification or shelving scheme Dewey Decimal Classification
Koha item type Libros
Existencias
Withdrawn status Lost status Source of classification or shelving scheme Damaged status Not for loan Current library Date acquired Full call number Barcode Date last seen Price effective from Koha item type
    Dewey Decimal Classification Descartado para donación   Biblioteca UTECO 09/09/2019 RD 323.445 R299L 010334 09/09/2019 09/09/2019 Libros
    Dewey Decimal Classification Descartado para donación   Biblioteca UTECO 09/09/2019 RD 323.445 R299L 010335 09/09/2019 09/09/2019 Libros
    Dewey Decimal Classification Descartado para donación   Biblioteca UTECO 09/09/2019 RD 323.445 R299L 010336 09/09/2019 09/09/2019 Libros
© 2021 Derechos Reservados UTECO - Teléfono: +1 809-585-2291 - Correo electrónico: biblioteca@uteco.edu.do​  
Código postal 43000 ​​
Dirección: Avenida Universitaria No. 100, 
Cotuí, Provincia Sánchez Ramírez, República Dominicana - RNC: 404-00059-6